01343cam a2200301 a 450000100100000000500170001000800410002702000160006804000350008404100380011908200180015724501350017526000640031030000250037449000440039950001760044350400320061950000220065165000300067365000280070370000380073170000420076983000510081191000340086204900090089695201210090599900150102600000163220200929145638.0831116s1984 nju b 001 0 eng  z04130870483 aDO-SdBNPbspacDLCdDLCdBNPHU17ajpnbeng2Código de idioma MARC a895.65bK798a00aKokinshu :ba collection of poems ancient and modern /ctraducido y anotado por Laurel Rasplica Rodd con Mary Catherine Henkenius. aPrinceton, New Jersey :bPrinceton University Press,c1984. aix, 442 p. ;c25 cm.1 aPrinceton library of Asian translations a"Incluye un estudio de la influencia de China en los prefacios Kokinshåu por John Timothy Wixted y una traducción comentada del prefacio de China por Leonard Grzanka". aBibliografía: p. 403-405. aIncluye índice. 4aLiteratura japonesa94301 4aPoesía japonesa953361 aRodd, Laurel Rasplica,etr.953371 aHenkenius, Mary Catherine,etr.95338 0aPrinceton library of Asian translations.95339 aCatalogación por copia / LC aBNGR 001052708MOaGRbGRcCTd2009-09-18iLF1l0o895.65 K798ap1632-10r2020-06-25w2020-06-25y2ZPréstamo interno c1522d1522